00276nam a2200085Ia 4500008004100000100002200041245009000063260002900153300000800182201217s9999 xx 000 0 und d aGuzzo, Richard A. 0aImproving group decision making in organizations: Approaches from theory and research aNew YorkbAcademic Press a160